Príznaky Holandskej choroby v ekonomike Južnej Afriky v predkrízovom období bakalárska práca

Enregistré dans:
Détails bibliographiques
Auteur principal: Vaszilyová, Veronika
Collectivité auteur: Fakulta medzinárodných vzťahov EU. Katedra medzinárodných ekonomických vzťahov a hospodárskej diplomacie
Autres auteurs: Kunychka, Mykhaylo, 1990-
Format: Livre
Langue:slovaque
Publié: Bratislava 2024
Tags: Ajouter un tag
Pas de tags, Soyez le premier à ajouter un tag!

MARC

LEADER 00000nbm a2200000 4500
001 0301769
005 20250225140214.6
041 0 |a slo 
044 |a SK 
245 1 0 |a Príznaky Holandskej choroby v ekonomike Južnej Afriky v predkrízovom období  |b bakalárska práca  |c Veronika Vaszilyová ; školiteľ: Mykhaylo Kunychka 
264 1 |a Bratislava  |c 2024 
300 |a 44 s. 
100 1 |a Vaszilyová, Veronika 
700 1 |a Kunychka, Mykhaylo, 1990- 
710 2 |a Fakulta medzinárodných vzťahov EU. Katedra medzinárodných ekonomických vzťahov a hospodárskej diplomacie